Epitome Iuris Canonici cum commentariis: ad scholas et ad usum privatum

Guardat en:
Dades bibliogràfiques
Autor principal: Vermeersch, Alberto (Autor)
Format: Llibre
Idioma:llatí
Publicat: Roma Mechliniae 1929
Edició:4a. ed
Col·lecció:Museum Lessianum
Matèries:
Etiquetes: Afegir etiqueta
Sense etiquetes, Sigues el primer a etiquetar aquest registre!

MARC

LEADER 00000cam a2200000 a 4500
001 UCD2113
003 CL-VaPUC
008 160414e19290000it |||||||||||||||||lat|d
082 0 4 |a 262.934  |b VER  |2 21 
100 0 |a Vermeersch, Alberto  |e author  |9 585367 
245 1 0 |a Epitome Iuris Canonici cum commentariis: ad scholas et ad usum privatum 
250 |a 4a. ed 
300 |a t 
942 |c BK 
945 |d 20160414 22:20:00  |a dcastane 
260 |a Roma  |b Mechliniae  |c 1929 
650 7 |a DERECHO CANONICO  |2 CL-VaPUC  |9 585368 
650 0 |a Derecho eclesiástico  |9 255055 
583 |a last modification  |c 20160414 22:20:00  |k Rodrigo Vera 
490 0 |a Museum Lessianum 
999 |c 363308  |d 363306 
952 |0 0  |1 0  |3 erd  |4 0  |6 262_934000000000000_VER_1929  |7 0  |8 X  |9 475228  |a BIBTEO  |b BIBTEO  |c TEO_FFR  |h t.1  |i 5220599  |o 262.934 VER 1929  |p 5220599  |r 2024-01-18  |w 2019-11-24  |y BK_X  |z Catalogado en:20160414  |k OFM 
952 |0 0  |1 0  |3 erd  |4 0  |6 262_934000000000000_VER_1929  |7 0  |8 X  |9 475229  |a BIBTEO  |b BIBTEO  |c TEO_FFR  |h t.3  |i 5220602  |o 262.934 VER 1929  |p 5220602  |r 2024-01-18  |w 2019-11-24  |y BK_X  |z Catalogado en:20160414  |k OFM